Normal view
MARC view
- Ghazals, Urdu
Entry Topical Term
001 - CONTROL NUMBER
- control field: 3786
003 - CONTROL NUMBER IDENTIFIER
- control field: NUST
005 - DATE AND TIME OF LATEST TRANSACTION
- control field: 20170807102121.0
008 - FIXED-LENGTH DATA ELEMENTS
- fixed length control field: 170807|| aca||aabn | a|a d
040 ## - CATALOGING SOURCE
- Original cataloging agency: NUST
- Transcribing agency: NUST
150 ## - HEADING--TOPICAL TERM
- Topical term or geographic name entry element: Ghazals, Urdu
- General subdivision: Translations into English.
670 ## - SOURCE DATA FOUND
- Source citation: Work cat.: (NUST)0: Ghalib, Mirza Asadullah Khan, 1797-1869. 3145, Love sonnets of Ghalib /, 2002.
